| 000 | 01016nam a22002057a 4500 | ||
|---|---|---|---|
| 999 |
_c61025 _d61025 |
||
| 005 | 20231207160409.0 | ||
| 008 | 231207s1995 ru ||||| |||| 00| 0 rus d | ||
| 020 | _a5060031829 | ||
| 041 | _arus | ||
| 080 | _a008(37/38)(038) A-72 | ||
| 100 |
_aЯрхо, В.Н. _920623 |
||
| 245 |
_aАнтичная культура : _bлитература, театр, искусство, философия, наука. Словарь-справочник / _cРед. В.Н. Ярхо. |
||
| 264 |
_aМ.: _bВысшая школа, _c1995. |
||
| 300 |
_a383 с.: _bил.; _c22 см. |
||
| 653 | _aძველი ბერძნული და რომაული ლიტერატურა | ||
| 653 | _aუძველესი არქიტექტურის ძეგლები | ||
| 653 | _aსახვითი ხელოვნება, ფილოსოფია, მეცნიერება | ||
| 700 |
_aЯрхо, В. Н. _eრედაქტორი _920624 |
||
| 942 |
_2udc _cᲬᲘᲒᲜᲘ |
||